000 00919nam a2200277 a 4500
001 BRCA_7843
005 20190320210023.0
008 071113s1965----sp-a######---#000-0#spa-#
041 _aspa
044 _asp
050 4 _aN3444
_b.C36 1965
100 1 _aCamón Aznar, José
_910797
245 1 0 _aMuseo Lazaro Galdiano
_b100 diapositivas en color y 162 ilustraciones en blanco y negro, pertenecientes todas ellas al Archivo Fotográfico Aguilar
_cJosé Camón Aznar.
250 _a2
260 _aMadrid
_bAguilar
_cc1965
300 _a328 p.
_bil., 162 láminas, 100 diapositivas
_c29 cm.
500 _aY63
650 1 4 _aArte
_zMadrid
_97766
650 1 4 _aDiapositivas
_919410
650 1 4 _aGalerías y museos
_zEspaña
_97331
650 1 4 _aArte
_vCatálogos
_zEspaña
_919411
700 1 _aLazaro, José de
_d1862-1947
_919412
710 2 _aMuseo Lazaro Galdiano (Madrid)
_919413
902 _aGFM
942 _2lcc
_cB
999 _c7517
_d7517